000
00230nam a22000857a 4500
008
160928b xxu||||| |||| 00| 0 eng d
100
_9
781
_a
Sriraman.P.etal.
245
_a
Social Science-7
260
_a
New Delhi
_b
Srijan Publications
_c
2011
999
_c
3436
_d
3436